Federico Barbarroja / (Record no. 113555)

MARC details
000 -LEADER
campo de control de longitud fija 00506nam a2200169 4500
001 - NÚMERO DE CONTROL
campo de control 113555
003 - IDENTIFICADOR DE NÚMERO DE CONTROL
campo de control ES-MaACL
005 - FECHA Y HORA DE LA ÚLTIMA TRANSACCIÓN
campo de control 20230906185934.0
007 - CAMPO FIJO DE DESCRIPCIÓN FÍSICA--INFORMACIÓN GENERAL
campo de control de longitud fija t|
008 - DATOS DE LONGITUD FIJA--INFORMACIÓN GENERAL
campo de control de longitud fija 061121s1971 sp r ||||1| spa d
100 1# - ENTRADA PRINCIPAL--NOMBRE DE PERSONA
Nombre de persona Pacaut, Marcel.
9 (RLIN) 88107
245 10 - MENCIÓN DEL TÍTULO
Título Federico Barbarroja /
Mención de responsabilidad, etc. Marcel Pacaut ; traducción Victorio Peral Domínguez.
260 ## - PUBLICACIÓN, DISTRIBUCIÓN, ETC.
Lugar de publicación, distribución, etc. Madrid :
Nombre del editor, distribuidor, etc. Espasa Calpe,
Fecha de publicación, distribución, etc. 1971.
300 ## - DESCRIPCIÓN FÍSICA
Extensión 227 p. ;
Dimensiones 18 cm.
700 1# - ENTRADA AGREGADA--NOMBRE PERSONAL
Nombre de persona Peral Domínguez, Victorio.
9 (RLIN) 90355
852 ## - LOCALIZACIÓN
Ubicación ES-MaACL
Número de control de estantería C-42017
Sublocalización o colección R.78840
Holdings
Estatus retirado Estado de pérdida Estado de daño No para préstamo Biblioteca de origen Biblioteca actual Ubicación en estantería Fecha de adquisición Fuente de adquisición Total de préstamos Signatura topográfica completa Código de barras Visto por última vez Precio de reemplazo Tipo de ítem Koha
        Biblioteca del Ateneo de Madrid Biblioteca del Ateneo de Madrid Depósito 2 17/01/2008     C-42017 1118432 23/02/2023 23/02/2023 Libro impreso